000 00792nmm a2200277 a 4500
003 AR-X00000XY
005 20251128211956.0
008 167020s2007 ||||||||||||||000 | spa||
020 _a978-987-1147-663
040 _cAR-X00000XY
100 1 _aTiberio, Silvia Carolina
245 1 0 _aWhat's up?
_bteacher's guide
_n1
260 _aBuenos Aires
_bPearson Education
_c2007
300 0 _a87 p.
_bil.
_e1 cd
500 0 _aNivel elemental
500 0 _aSolicitar el material complementario no. 735023 en Mediateca
650 4 _aENSENANZA DE IDIOMAS
650 4 _aINGLES
650 4 _aEJERCICIOS DE APRENDIZAJE
650 4 _aENSENANZA DEL VOCABULARIO
650 4 _aDIDACTICA
700 1 _aSánchez, María José
700 1 _aBueso, José Manuel
942 _cBK
998 _cNancy
999 _c21877
_d21877